00475nam a22001577a 450000500170000001000150001702000230003203500140005503700130006908200080008210000250009024500660011526000390018127000580022030000390027820171023124545.0 aENG-121030 c250.00a8175224827 aEN-104562 bDBAD/PUB a881 aTagore, Rabindranath aStray birds fireflies & other poems /cby Rabindranath Tagore aKolkatabKumkum Bhattacharyac2011 a6 Acharya Jagadish Chandra Bose roadbKolkatae700045 aVarious pagings :c22cm(pbk)bill.